The Pakistan Penal Code (XLV of 1860) Vol. II (Record no. 540930)
[ view plain ]
| 000 -LEADER | |
|---|---|
| fixed length control field | 00374nam a22001217a 4500 |
| 082 ## - DEWEY DECIMAL CLASSIFICATION NUMBER | |
| Classification number | 345.5491 MAH |
| 100 ## - MAIN ENTRY--PERSONAL NAME | |
| Personal name | Shaukat Mahmood and Nadeem Shoukat |
| 245 ## - TITLE STATEMENT | |
| Title | The Pakistan Penal Code (XLV of 1860) Vol. II |
| Statement of responsibility, etc. | Shaukat Mahmood |
| 260 ## - PUBLICATION, DISTRIBUTION, ETC. | |
| Place of publication, distribution, etc. | Lahore |
| Name of publisher, distributor, etc. | Legal Research Centre |
| Date of publication, distribution, etc. | 2015 |
| 300 ## - PHYSICAL DESCRIPTION | |
| Extent | 2014p |
| 942 ## - ADDED ENTRY ELEMENTS (KOHA) | |
| Source of classification or shelving scheme | |
| Koha item type | Book |
| Withdrawn status | Lost status | Source of classification or shelving scheme | Damaged status | Not for loan | Permanent Location | Current Location | Date acquired | Total Checkouts | Full call number | Barcode | Date last seen | Date last checked out | Price effective from | Koha item type |
|---|---|---|---|---|---|---|---|---|---|---|---|---|---|---|
| NUST Law School (NLS) | NUST Law School (NLS) | 11/12/2020 | 1 | 345.5491 MAH | CL-413 | 02/16/2026 | 01/19/2026 | 11/12/2020 | Book |
